00653nam a2200109Ia 4500008004100000245003800041300027900079650002800358856006600386999001900452952007200471170517s9999 xx 000 0 und d aCulture in Decline: Economics 101 aThe topic of this show entitled Economics 101 deals with the subject of Economic Calculation, Market Rationale and its effects, along with considerations of the Scientific Principles of Sustainability. This episode features long winded and generally insulting rhetoric, a... xBusiness and Economics. uhttp://topdocumentaryfilms.com/culture-decline-economics-101/ c333246d333246 001040aCLbCLd2017-05-17l0r2017-05-17 00:00:00w2017-05-17yDF